000
00326nam a22001457a 4500
008
11b ||||| |||| 00| 0 eng d
020
_a
9780030976476
041
_a
eng
080
_2
4th
_a
330.322
082
_a
330.322
100
_a
51
101
_a
INV
245
_a
Investements An Introduction
_c
Mayo,H.B
942
_2
udc
_c
BK
999
_c
56293
_d
56293